000
00275nam a22001217a 4500
008
180111b xxu||||| |||| 00| 0 eng d
041
_a
eng
080
_a
101
100
_a
24
101
_a
FIL
245
_a
Descartes: Philosophical Writingsh
_c
Anscombe, E
942
_2
udc
_c
BK
999
_c
40074
_d
40074